Sanonnat #2 - Statistics

Yleistilastot
  • Tätä visaa on pelattu 150 kertaa
  • Keskiarvotulos 18 / 31
Vastaustilastot
Hint Vastaus % Oikein
________ lintu madon nappaa Aikainen
96%
Siinä ____ missä mainitaan paha
96%
Älä ________ ennen kuin tipahtaa nuolaise
93%
Aloittamista vaille ______ valmis
93%
Ei omena kauaksi ______ putoa puusta
92%
Minkä nuorena _____ sen vanhana taitaa oppii
91%
Kyllä ____ keinot keksii hätä
88%
Raskas työ vaatii raskaat _____ huvit
75%
Työt ei lopu _________ tekemällä
74%
Kel onni on se onnen __________ kätkeköön
68%
Kylmä _____ kaunistaa kahvi
66%
Joka _______ kurkottaa se ________ kapsahtaa kuuseen, katajaan
66%
Hommat on levällään ku _______ eväät Jokisen
64%
________ ehtii levätä Haudassa
61%
Ei vara _______ kaada venettä
61%
Ei suuret _____ suuta halkaise sanat
57%
Kiertää kun kissa _______ puuroa kuumaa
54%
________ on lyhyet jäljet Valheella
54%
___________ maan perii Rehellisyys
53%
___ tekijäänsä opettaa Työ
53%
______ töitänsä luettelee Laiska
52%
Oma ____ haisee kehu
48%
Ei luulo ole ______ ______ tiedon väärti
47%
_______ ei tule kello kaulassa Vahinko
43%
Lentää kuin ___________ leppäkeihäs
35%
Kissa ___________ elää kiitoksella
25%
_______ tulee ajallaan, talo elää tavallaan Vieraat
18%
Korppi ei noki ______ silmää korpin
15%
Äänellään se _________ laulaa korppikin
14%
Sokea ______ taluttaa rampaa
9%
Yksi ______ kerrallaan peruna
1%
Ehtoja vastaavia visoja ei löytynyt
Tulosjakauma
Jokaisen tuloksen saaneiden osuus
Persentiili vastausten määrän mukaan
Tuloshistoriasi
Et ole pelannut tätä visaa